000 00273nam a2200109Ia 4500
008 220204s9999 xx 000 0 und d
082 _a82-3MAU
_bMAU
100 _aMaugham, W Somerset
245 0 _aSixty five short stories
260 _aLondon
_bHeinemann
_c1976
942 _cBK
999 _c27294
_d27294